| 000 | 00383nam a2200145Ia 4500 | ||
|---|---|---|---|
| 005 | 20250317150559.0 | ||
| 008 | 240331s9999 xx 000 0 und d | ||
| 082 |
_bJOT _a894 |
||
| 100 | _aJothirani, K.A | ||
| 245 | 0 | _aThamil ilakkiyankal samuthaya adaiyalankal | |
| 260 |
_aChennai _bKavya Books _c2004 |
||
| 300 | _a54 p ., | ||
| 500 | _asanga ilakkiyam varaka pakuppum | ||
| 942 | _cL | ||
| 999 |
_c4017 _d4017 |
||